[Event "Agen 2017 - Open A"]
[Site "?"]
[Date "2017.08.27"]
[Round "9.4"]
[White "Willems, Niels"]
[Black "Caloone, Thomas"]
[Result "1/2-1/2"]
[LiveChessVersion "1.4.8"]
[BlackElo "2162"]
[WhiteElo "2107"]

1. c4 {[%clk 1:30:56]} Nf6 {[%clk 1:29:58]} 2. Nc3 {[%clk 1:31:16]} g6
{[%clk 1:30:22]} 3. g3 {[%clk 1:31:34]} Bg7 {[%clk 1:30:30]} 4. Bg2
{[%clk 1:31:44]} O-O {[%clk 1:30:53]} 5. e4 {[%clk 1:28:37]} e5 {[%clk 1:26:56]}
6. Nge2 {[%clk 1:28:05]} d6 {[%clk 1:25:21]} 7. O-O {[%clk 1:27:28]} Be6
{[%clk 1:17:08]} 8. d3 {[%clk 1:25:34]} c6 {[%clk 1:15:26]} 9. h3
{[%clk 1:22:02]} d5 {[%clk 1:06:14]} 10. cxd5 {[%clk 1:16:30]} cxd5
{[%clk 1:06:29]} 11. f4 {[%clk 1:13:49]} exf4 {[%clk 1:02:27]} 12. e5
{[%clk 0:56:00]} Nh5 {[%clk 0:59:51]} 13. gxf4 {[%clk 0:54:44]} Nc6
{[%clk 0:57:40]} 14. d4 {[%clk 0:52:28]} Ne7 {[%clk 0:56:03]} 15. Qb3
{[%clk 0:48:33]} b6 {[%clk 0:49:04]} 16. Be3 {[%clk 0:39:54]} Bh6
{[%clk 0:44:55]} 17. Kh2 {[%clk 0:24:25]} Rc8 {[%clk 0:36:38]} 18. Rac1
{[%clk 0:13:08]} a6 {[%clk 0:31:28]} 19. Na4 {[%clk 0:10:17]} Rb8
{[%clk 0:31:19]} 20. Bd2 {[%clk 0:08:33]} Bd7 {[%clk 0:28:12]} 21. Nac3
{[%clk 0:08:05]} Be6 {[%clk 0:27:48]} 22. Na4 {[%clk 0:03:17]} Bd7
{[%clk 0:28:11]} 23. Nac3 {[%clk 0:03:22]} Be6 {[%clk 0:26:36]} 24. Na4
{[%clk 0:03:27]} Bd7 {[%clk 0:26:47]} 1/2-1/2

[Event "Agen 2017 - Open B"]
[Site "?"]
[Date "2017.08.27"]
[Round "9.1"]
[White "Niepceron, Aurelien"]
[Black "Nguyen-Cadoret, Nathan"]
[Result "0-1"]
[LiveChessVersion "1.4.8"]
[BlackElo "1873"]
[WhiteElo "1764"]

1. e4 {[%clk 1:30:58]} e5 {[%clk 1:30:56]} 2. Nf3 {[%clk 1:31:01]} Nc6
{[%clk 1:31:23]} 3. Bb5 {[%clk 1:31:14]} a6 {[%clk 1:31:48]} 4. Ba4
{[%clk 1:31:28]} Nf6 {[%clk 1:32:15]} 5. O-O {[%clk 1:31:15]} Be7
{[%clk 1:32:41]} 6. Re1 {[%clk 1:30:36]} b5 {[%clk 1:33:07]} 7. Bb3
{[%clk 1:31:01]} d6 {[%clk 1:33:35]} 8. c3 {[%clk 1:30:08]} O-O {[%clk 1:33:59]}
9. h3 {[%clk 1:29:44]} Nb8 {[%clk 1:34:26]} 10. d3 {[%clk 1:22:11]} Nbd7
{[%clk 1:31:29]} 11. Nbd2 {[%clk 1:20:35]} Nc5 {[%clk 1:26:43]} 12. Bc2
{[%clk 1:18:50]} Re8 {[%clk 1:26:18]} 13. Nf1 {[%clk 1:18:10]} Bf8
{[%clk 1:26:36]} 14. Ng3 {[%clk 1:11:24]} g6 {[%clk 1:26:11]} 15. Be3
{[%clk 1:06:27]} Ncd7 {[%clk 1:24:17]} 16. Qd2 {[%clk 1:05:22]} Bg7
{[%clk 1:24:00]} 17. Bg5 {[%clk 1:03:14]} Bb7 {[%clk 1:21:03]} 18. Nh2
{[%clk 0:59:02]} Qc8 {[%clk 1:13:03]} 19. Bh6 {[%clk 0:56:43]} Nf8
{[%clk 1:01:50]} 20. Bxg7 {[%clk 0:50:16]} Kxg7 {[%clk 1:02:16]} 21. Qg5
{[%clk 0:47:58]} h6 {[%clk 1:01:37]} 22. Qd2 {[%clk 0:42:28]} Ne6
{[%clk 0:58:03]} 23. Bb3 {[%clk 0:39:46]} Nf4 {[%clk 0:44:44]} 24. Ne2
{[%clk 0:37:56]} N6h5 {[%clk 0:42:28]} 25. Ng3 {[%clk 0:30:02]} Nf6
{[%clk 0:38:18]} 26. Ne2 {[%clk 0:25:48]} N6h5 {[%clk 0:38:17]} 27. Nxf4
{[%clk 0:25:29]} Nxf4 {[%clk 0:37:49]} 28. d4 {[%clk 0:22:23]} Qd8
{[%clk 0:36:28]} 29. Nf3 {[%clk 0:13:59]} Qf6 {[%clk 0:31:31]} 30. dxe5
{[%clk 0:13:47]} Rxe5 {[%clk 0:28:15]} 31. Nxe5 {[%clk 0:13:13]} Qg5
{[%clk 0:28:33]} 32. Qxf4 {[%clk 0:09:59]} Qxf4 {[%clk 0:28:59]} 33. Nxf7
{[%clk 0:10:07]} d5 {[%clk 0:23:01]} 34. exd5 {[%clk 0:10:15]} Kxf7
{[%clk 0:21:19]} 35. d6+ {[%clk 0:10:09]} Kf8 {[%clk 0:20:40]} 36. Re7
{[%clk 0:08:47]} Re8 {[%clk 0:09:42]} 37. Rh7 {[%clk 0:08:51]} Re2
{[%clk 0:07:10]} 38. Rf1 {[%clk 0:05:19]} Qxd6 {[%clk 0:02:47]} 39. Rf7+
{[%clk 0:03:56]} Ke8 {[%clk 0:03:10]} 40. Rg7 {[%clk 0:34:20]} Bd5
{[%clk 0:31:37]} 41. Bxd5 {[%clk 0:30:22]} Qxd5 {[%clk 0:31:15]} 42. Rxg6
{[%clk 0:30:05]} Qxa2 {[%clk 0:30:17]} 43. Rxh6 {[%clk 0:29:50]} Qxb2
{[%clk 0:29:17]} 44. Rh8+ {[%clk 0:30:10]} Kd7 {[%clk 0:27:33]} 45. h4
{[%clk 0:28:31]} Qxc3 {[%clk 0:27:42]} 46. Rh7+ {[%clk 0:28:56]} Re7
{[%clk 0:26:25]} 47. Rh6 {[%clk 0:28:51]} Re1 {[%clk 0:26:06]} 0-1

[Event "Agen 2017 - Open B"]
[Site "?"]
[Date "2017.08.27"]
[Round "9.2"]
[White "Buisson, Lionel"]
[Black "Kozlowski, Thierry"]
[Result "1/2-1/2"]
[LiveChessVersion "1.4.8"]
[BlackElo "1976"]
[WhiteElo "1976"]

1. e4 {[%clk 1:25:57]} c6 {[%clk 1:30:47]} 2. d4 {[%clk 1:25:35]} g6
{[%clk 1:31:14]} 3. Nc3 {[%clk 1:22:26]} d5 {[%clk 1:31:38]} 4. Nf3
{[%clk 1:16:06]} dxe4 {[%clk 1:29:39]} 5. Nxe4 {[%clk 1:16:11]} Bg4
{[%clk 1:30:00]} 6. Be2 {[%clk 1:09:52]} Bg7 {[%clk 1:30:04]} 7. c3
{[%clk 1:04:17]} Nh6 {[%clk 1:27:53]} 8. Qb3 {[%clk 0:55:58]} Qb6
{[%clk 1:16:56]} 9. Nc5 {[%clk 0:51:58]} Qxb3 {[%clk 1:14:02]} 10. axb3
{[%clk 0:48:28]} b6 {[%clk 1:03:07]} 11. Na6 {[%clk 0:43:09]} Nxa6
{[%clk 0:59:22]} 12. Bxa6 {[%clk 0:38:24]} Bxf3 {[%clk 0:43:22]} 13. gxf3
{[%clk 0:35:52]} Nf5 {[%clk 0:25:42]} 14. Bb7 {[%clk 0:32:49]} Kd7
{[%clk 0:26:07]} 15. Bxa8 {[%clk 0:30:58]} Rxa8 {[%clk 0:26:32]} 16. Be3
{[%clk 0:22:29]} Kc7 {[%clk 0:25:13]} 17. f4 {[%clk 0:19:21]} Kb7
{[%clk 0:21:47]} 18. Ke2 {[%clk 0:16:09]} e6 {[%clk 0:19:57]} 19. Ra4
{[%clk 0:13:26]} Bf6 {[%clk 0:17:02]} 20. Rha1 {[%clk 0:13:11]} a6
{[%clk 0:16:46]} 21. Kd3 {[%clk 0:10:41]} Be7 {[%clk 0:13:36]} 22. c4
{[%clk 0:08:13]} Bd6 {[%clk 0:08:20]} 23. Ke4 {[%clk 0:05:49]} Bc7
{[%clk 0:07:14]} 24. b4 {[%clk 0:02:43]} Nd6+ {[%clk 0:05:54]} 25. Kd3
{[%clk 0:03:00]} Nxc4 {[%clk 0:05:54]} 26. R4a2 {[%clk 0:01:36]} b5
{[%clk 0:02:28]} 27. b3 {[%clk 0:01:48]} Nb6 {[%clk 0:02:49]} 28. Bd2
{[%clk 0:01:13]} Nd5 {[%clk 0:03:06]} 29. Ke4 {[%clk 0:01:15]} Bd6
{[%clk 0:03:01]} 30. h4 {[%clk 0:00:41]} h5 {[%clk 0:03:15]} 31. Rc1
{[%clk 0:00:51]} Be7 {[%clk 0:02:30]} 32. Rh1 {[%clk 0:01:11]} Bf6
{[%clk 0:01:53]} 33. Rc2 {[%clk 0:01:07]} Ne7 {[%clk 0:02:16]} 34. f3
{[%clk 0:00:36]} Nf5 {[%clk 0:02:32]} 35. Be1 {[%clk 0:01:05]} Rd8
{[%clk 0:02:19]} 36. Bf2 {[%clk 0:01:27]} Be7 {[%clk 0:02:14]} 37. Rc5
{[%clk 0:00:50]} Bxc5 {[%clk 0:01:24]} 38. bxc5 {[%clk 0:01:18]} b4
{[%clk 0:00:40]} 39. Ra1 {[%clk 0:01:21]} Ne7 {[%clk 0:00:43]} 40. Ra4
{[%clk 0:31:47]} Nd5 {[%clk 0:30:39]} 41. Be1 {[%clk 0:26:41]} Ka7
{[%clk 0:23:10]} 42. Ke5 {[%clk 0:22:07]} f6+ 43. Kxe6 {[%clk 0:22:11]} Re8+
{[%clk 0:10:38]} 44. Kd7 {[%clk 0:21:35]} Rxe1 {[%clk 0:10:47]} 45. Kxc6
{[%clk 0:22:04]} Nxf4 {[%clk 0:06:56]} 46. Rxb4 {[%clk 0:21:45]} g5
{[%clk 0:06:11]} 47. d5 {[%clk 0:16:17]} Re8 {[%clk 0:03:29]} 48. Rb7+
{[%clk 0:10:05]} Ka8 {[%clk 0:03:58]} 49. d6 {[%clk 0:09:43]} gxh4
{[%clk 0:01:58]} 50. Re7 {[%clk 0:08:14]} Rc8+ {[%clk 0:01:49]} 51. Rc7
{[%clk 0:06:20]} Rh8 {[%clk 0:02:00]} 52. d7 {[%clk 0:05:48]} Kb8
{[%clk 0:02:30]} 53. Rb7+ {[%clk 0:06:11]} Ka8 {[%clk 0:02:49]} 54. Rc7
{[%clk 0:06:20]} 1/2-1/2

[Event "Agen 2017 - Open B"]
[Site "?"]
[Date "2017.08.27"]
[Round "9.3"]
[White "Fournier, Loic"]
[Black "Chiche, Thibaut"]
[Result "0-1"]
[LiveChessVersion "1.4.8"]
[BlackElo "1972"]
[WhiteElo "1893"]

1. d4 {[%clk 1:30:12]} Nf6 {[%clk 1:30:55]} 2. Nf3 {[%clk 1:30:37]} g6
{[%clk 1:31:20]} 3. c4 {[%clk 1:29:56]} Bg7 {[%clk 1:31:24]} 4. Nc3
{[%clk 1:30:20]} O-O {[%clk 1:31:30]} 5. Bf4 {[%clk 1:30:22]} d6 {[%clk 1:23:27]}
6. e3 {[%clk 1:30:04]} Nfd7 {[%clk 1:16:26]} 7. Be2 {[%clk 1:28:06]} Nc6
{[%clk 1:12:02]} 8. O-O {[%clk 1:25:11]} e5 {[%clk 1:10:45]} 9. Bg3
{[%clk 1:21:33]} Ne7 {[%clk 1:06:36]} 10. Qb3 {[%clk 1:16:31]} Nf5
{[%clk 1:03:50]} 11. Rfd1 {[%clk 1:16:32]} Nxg3 {[%clk 0:53:56]} 12. hxg3
{[%clk 1:16:34]} exd4 {[%clk 0:53:47]} 13. exd4 {[%clk 1:15:49]} Nf6
{[%clk 0:44:58]} 14. Nh2 {[%clk 1:06:04]} c6 {[%clk 0:39:23]} 15. Bf3
{[%clk 1:01:08]} Qc7 {[%clk 0:37:55]} 16. g4 {[%clk 0:57:46]} h6 {[%clk 0:37:23]}
17. Ne2 {[%clk 0:57:18]} Bd7 {[%clk 0:31:47]} 18. Ng3 {[%clk 0:53:51]} Rfe8
{[%clk 0:24:45]} 19. Qd3 {[%clk 0:40:39]} Re7 {[%clk 0:20:27]} 20. Rac1
{[%clk 0:36:35]} Rae8 {[%clk 0:20:30]} 21. b4 {[%clk 0:36:46]} Qc8
{[%clk 0:18:24]} 22. Qa3 {[%clk 0:32:47]} Nxg4 {[%clk 0:12:16]} 23. Qxa7
{[%clk 0:31:06]} Nxh2 {[%clk 0:09:01]} 24. Kxh2 {[%clk 0:31:06]} Qa8
{[%clk 0:08:56]} 25. Qxa8 {[%clk 0:28:12]} Rxa8 {[%clk 0:09:26]} 26. Rc2
{[%clk 0:20:41]} Ra4 {[%clk 0:05:59]} 27. d5 {[%clk 0:19:59]} Be5
{[%clk 0:03:35]} 28. c5 {[%clk 0:14:47]} cxd5 {[%clk 0:02:41]} 29. cxd6
{[%clk 0:13:02]} Bxd6 {[%clk 0:02:08]} 30. Rxd5 {[%clk 0:12:48]} Bxb4
{[%clk 0:01:07]} 31. Rb2 {[%clk 0:08:05]} Bc6 {[%clk 0:00:42]} 32. Rd8+
{[%clk 0:08:20]} Kg7 {[%clk 0:00:55]} 33. Bd1 {[%clk 0:08:28]} Ba3
{[%clk 0:00:45]} 34. Bxa4 {[%clk 0:07:36]} Bxb2 {[%clk 0:01:12]} 35. Bxc6
{[%clk 0:07:47]} bxc6 {[%clk 0:01:41]} 36. Rc8 {[%clk 0:08:16]} Bd4
{[%clk 0:00:49]} 37. f3 {[%clk 0:07:36]} c5 {[%clk 0:01:16]} 38. Ne4
{[%clk 0:07:53]} Ra7 {[%clk 0:00:54]} 39. Nxc5 {[%clk 0:06:58]} Rxa2
{[%clk 0:01:22]} 40. Ne4 {[%clk 0:36:14]} Ra1 {[%clk 0:30:55]} 41. f4
{[%clk 0:34:48]} Bg1+ {[%clk 0:20:24]} 42. Kh3 {[%clk 0:34:50]} Ra4
{[%clk 0:18:44]} 43. Re8 {[%clk 0:34:22]} f5 {[%clk 0:16:05]} 44. Nc3
{[%clk 0:33:49]} Ra3 {[%clk 0:15:12]} 45. Kh4 {[%clk 0:34:08]} Bf2+
{[%clk 0:13:29]} 46. g3 {[%clk 0:34:33]} Rxc3 {[%clk 0:13:49]} 47. Kh3
{[%clk 0:33:55]} Bxg3 {[%clk 0:13:48]} 48. Ra8 {[%clk 0:33:30]} Bxf4+
{[%clk 0:14:05]} 49. Kg2 Kf6 {[%clk 0:14:28]} 50. Ra6+ {[%clk 0:33:59]} Kg5
{[%clk 0:14:54]} 51. Re6 {[%clk 0:34:04]} h5 {[%clk 0:15:05]} 52. Kh1
{[%clk 0:34:18]} h4 {[%clk 0:14:56]} 53. Re1 {[%clk 0:34:11]} Rc1
{[%clk 0:15:20]} 54. Rg1+ {[%clk 0:34:12]} Rxg1+ {[%clk 0:15:48]} 55. Kxg1
{[%clk 0:34:26]} h3 {[%clk 0:16:35]} 56. Kh1 {[%clk 0:35:15]} 0-1

[Event "Agen 2017 - Open B"]
[Site "?"]
[Date "2017.08.27"]
[Round "9.4"]
[White "Hassanaly, Olivier"]
[Black "Chosson, Julien"]
[Result "1-0"]
[LiveChessVersion "1.4.8"]
[BlackElo "1954"]
[WhiteElo "1846"]

1. d4 {[%clk 1:30:56]} Nf6 {[%clk 1:30:55]} 2. c4 {[%clk 1:31:23]} g6
{[%clk 1:31:20]} 3. Nc3 {[%clk 1:31:49]} d5 {[%clk 1:31:42]} 4. cxd5
{[%clk 1:32:14]} Nxd5 {[%clk 1:32:06]} 5. e4 {[%clk 1:32:43]} Nxc3
{[%clk 1:32:28]} 6. bxc3 {[%clk 1:33:10]} Bg7 {[%clk 1:32:50]} 7. Bg5
{[%clk 1:33:35]} c5 {[%clk 1:31:31]} 8. Rc1 {[%clk 1:34:00]} O-O {[%clk 1:31:08]}
9. Nf3 {[%clk 1:34:04]} Bg4 {[%clk 1:30:27]} 10. d5 {[%clk 1:34:25]} Qd6
{[%clk 1:28:10]} 11. Qb3 {[%clk 1:14:32]} f5 {[%clk 1:12:38]} 12. Nd2
{[%clk 1:10:22]} fxe4 {[%clk 1:03:35]} 13. Bxe7 {[%clk 0:46:59]} Qf4
{[%clk 0:55:31]} 14. Bxc5 {[%clk 0:45:04]} Bh6 {[%clk 0:44:13]} 15. Be3
{[%clk 0:45:27]} Qf5 {[%clk 0:36:43]} 16. c4 {[%clk 0:45:21]} Nd7
{[%clk 0:31:47]} 17. h3 {[%clk 0:44:48]} Ne5 {[%clk 0:28:25]} 18. hxg4
{[%clk 0:27:39]} Nxg4 {[%clk 0:28:34]} 19. Rxh6 {[%clk 0:22:08]} Nxh6
{[%clk 0:28:46]} 20. Bxh6 {[%clk 0:19:19]} Qxf2+ {[%clk 0:26:11]} 21. Kd1
{[%clk 0:18:32]} Rf7 {[%clk 0:21:29]} 22. Be3 {[%clk 0:16:45]} Qf5
{[%clk 0:21:23]} 23. c5 {[%clk 0:14:57]} Rc8 {[%clk 0:18:30]} 24. d6
{[%clk 0:14:42]} Kf8 {[%clk 0:16:01]} 25. Qb2 {[%clk 0:12:22]} Ke8
{[%clk 0:12:53]} 26. Bb5+ {[%clk 0:09:07]} Kd8 {[%clk 0:13:22]} 27. Qh8+
{[%clk 0:09:18]} Rf8 {[%clk 0:13:51]} 28. Bg5+ {[%clk 0:08:43]} 1-0

[Event "Agen 2017 - Open C"]
[Site "?"]
[Date "2017.08.27"]
[Round "9.1"]
[White "Lebreton, Tristan"]
[Black "Rihouey, Franck"]
[Result "1-0"]
[LiveChessVersion "1.4.8"]
[BlackElo "1781"]
[WhiteElo "1759"]

1. d4 {[%clk 1:28:51]} d5 {[%clk 1:30:49]} 2. c4 {[%clk 1:29:16]} e5
{[%clk 1:30:59]} 3. dxe5 {[%clk 1:29:23]} d4 {[%clk 1:31:12]} 4. Nf3
{[%clk 1:27:50]} Nc6 {[%clk 1:31:19]} 5. g3 {[%clk 1:15:12]} Nge7
{[%clk 1:29:19]} 6. Bg5 {[%clk 0:54:42]} Bg4 {[%clk 1:20:43]} 7. Bg2
{[%clk 0:45:31]} h6 {[%clk 1:03:05]} 8. Bxe7 {[%clk 0:45:56]} Qxe7
{[%clk 0:55:42]} 9. O-O {[%clk 0:45:48]} O-O-O {[%clk 0:54:25]} 10. Nbd2
{[%clk 0:43:50]} Nxe5 {[%clk 0:44:56]} 11. b4 {[%clk 0:39:56]} d3
{[%clk 0:35:24]} 12. e3 {[%clk 0:19:54]} Qf6 {[%clk 0:32:29]} 13. Rb1
{[%clk 0:20:05]} g5 {[%clk 0:29:46]} 14. h3 {[%clk 0:19:21]} Bh5 {[%clk 0:25:49]}
15. g4 {[%clk 0:19:39]} Bg6 {[%clk 0:25:47]} 16. Nd4 {[%clk 0:18:35]} h5
{[%clk 0:24:52]} 17. Qa4 {[%clk 0:16:33]} Kb8 {[%clk 0:23:28]} 18. Qb5
{[%clk 0:15:50]} c6 {[%clk 0:21:40]} 19. Qa5 {[%clk 0:15:07]} Bd6
{[%clk 0:18:45]} 20. b5 {[%clk 0:12:16]} Bc7 {[%clk 0:18:53]} 21. Qa4
{[%clk 0:11:38]} b6 {[%clk 0:09:23]} 22. c5 {[%clk 0:08:29]} bxc5
{[%clk 0:06:09]} 23. Qa6 {[%clk 0:03:08]} Bb6 {[%clk 0:05:12]} 24. bxc6
{[%clk 0:02:59]} Qe7 {[%clk 0:04:47]} 25. Rxb6+ {[%clk 0:03:11]} axb6
{[%clk 0:04:33]} 26. Qxb6+ {[%clk 0:03:34]} Kc8 {[%clk 0:04:47]} 27. Rb1
{[%clk 0:03:24]} Nxc6 {[%clk 0:02:42]} 28. Bxc6 {[%clk 0:03:42]} Qc7
{[%clk 0:01:41]} 29. Qa6+ {[%clk 0:03:54]} 1-0

[Event "Agen 2017 - Open C"]
[Site "?"]
[Date "2017.08.27"]
[Round "9.2"]
[White "Jackson, Daniel"]
[Black "Pobedonostzeff, Franck"]
[Result "0-1"]
[LiveChessVersion "1.4.8"]
[BlackElo "1743"]
[WhiteElo "1754"]

1. e4 {[%clk 1:30:47]} Nf6 {[%clk 1:30:49]} 2. Nc3 {[%clk 1:30:42]} d6
{[%clk 1:31:14]} 3. d3 {[%clk 1:29:17]} e5 {[%clk 1:31:30]} 4. f4
{[%clk 1:28:06]} Be7 {[%clk 1:31:39]} 5. Be2 {[%clk 1:26:53]} Nc6
{[%clk 1:31:51]} 6. Nf3 {[%clk 1:24:57]} O-O {[%clk 1:31:43]} 7. O-O
{[%clk 1:24:56]} Nb8 {[%clk 1:29:30]} 8. fxe5 {[%clk 1:24:55]} dxe5
{[%clk 1:29:54]} 9. Kh1 {[%clk 1:24:50]} Nbd7 {[%clk 1:28:46]} 10. Qe1
{[%clk 1:23:16]} Ng4 {[%clk 1:15:30]} 11. h3 {[%clk 1:22:23]} Ngf6
{[%clk 1:15:38]} 12. Nh2 {[%clk 1:19:14]} Nc5 {[%clk 1:12:49]} 13. Qg3
{[%clk 1:18:54]} Nfd7 {[%clk 1:12:25]} 14. Bh6 {[%clk 1:19:02]} Ne6
{[%clk 1:12:31]} 15. Bg4 {[%clk 1:18:44]} Bh4 {[%clk 1:12:22]} 16. Qf3
{[%clk 1:15:36]} Nd4 {[%clk 1:07:28]} 17. Qe3 {[%clk 1:05:05]} gxh6
{[%clk 1:07:23]} 18. Bh5 {[%clk 1:03:34]} Qg5 {[%clk 1:06:25]} 0-1

[Event "Agen 2017 - Open C"]
[Site "?"]
[Date "2017.08.27"]
[Round "9.3"]
[White "Jourdain, Antoine"]
[Black "Goyer, Lionel"]
[Result "1/2-1/2"]
[LiveChessVersion "1.4.8"]
[BlackElo "1769"]
[WhiteElo "1742"]

1. c4 {[%clk 1:30:56]} Nf6 {[%clk 1:30:43]} 2. g3 {[%clk 1:31:05]} c6
{[%clk 1:29:53]} 3. Bg2 {[%clk 1:29:32]} g6 {[%clk 1:28:43]} 4. Nf3
{[%clk 1:28:07]} Bg7 {[%clk 1:28:26]} 5. O-O {[%clk 1:24:29]} O-O
{[%clk 1:28:02]} 6. Nc3 {[%clk 1:22:46]} d6 {[%clk 1:22:08]} 7. d3
{[%clk 1:15:38]} Re8 {[%clk 1:18:15]} 8. Rb1 {[%clk 1:08:22]} h6 {[%clk 1:14:39]}
9. b4 {[%clk 1:04:38]} e5 {[%clk 1:07:16]} 10. Bb2 {[%clk 0:59:38]} Bf5
{[%clk 1:05:50]} 11. Nd2 {[%clk 0:53:03]} Qd7 {[%clk 0:58:57]} 12. Re1
{[%clk 0:52:04]} Na6 {[%clk 0:55:17]} 13. b5 {[%clk 0:43:01]} Nc5
{[%clk 0:49:42]} 14. Nb3 {[%clk 0:40:31]} Nxb3 {[%clk 0:48:30]} 15. bxc6
{[%clk 0:40:00]} bxc6 {[%clk 0:48:47]} 16. Qxb3 {[%clk 0:39:43]} Qc7
{[%clk 0:44:45]} 17. Qa4 {[%clk 0:36:04]} Bd7 {[%clk 0:44:55]} 18. Qa6
{[%clk 0:32:22]} Qc8 {[%clk 0:41:02]} 19. Qa5 {[%clk 0:30:05]} Qd8
{[%clk 0:37:59]} 20. Qa6 {[%clk 0:27:32]} Qc8 {[%clk 0:37:53]} 21. Qa5
{[%clk 0:24:14]} Qd8 {[%clk 0:32:57]} 22. Qa6 {[%clk 0:19:44]} Qc8 1/2-1/2

[Event "Agen 2017 - Open C"]
[Site "?"]
[Date "2017.08.27"]
[Round "9.4"]
[White "Coant, Jean-Francois"]
[Black "Severine, Kevin"]
[Result "0-1"]
[LiveChessVersion "1.4.8"]
[BlackElo "1666"]
[WhiteElo "1761"]

1. c4 {[%clk 1:30:56]} b6 {[%clk 1:30:55]} 2. Nc3 {[%clk 1:31:02]} e6
{[%clk 1:31:20]} 3. Nf3 {[%clk 1:30:07]} Bb7 {[%clk 1:31:18]} 4. d4
{[%clk 1:29:51]} Nf6 {[%clk 1:28:43]} 5. a3 {[%clk 1:29:42]} d5 {[%clk 1:26:57]}
6. e3 {[%clk 1:29:37]} Nbd7 {[%clk 1:23:08]} 7. cxd5 exd5 {[%clk 1:17:20]} 8. Be2
{[%clk 1:24:01]} Ne4 {[%clk 1:12:40]} 9. Nxe4 {[%clk 1:19:44]} dxe4
{[%clk 1:12:53]} 10. Nd2 {[%clk 1:19:45]} Bd6 {[%clk 1:13:12]} 11. Qc2
{[%clk 1:11:30]} Qe7 {[%clk 1:07:36]} 12. Nc4 {[%clk 1:09:37]} O-O
{[%clk 1:06:53]} 13. Nxd6 {[%clk 1:08:29]} cxd6 {[%clk 1:07:16]} 14. Bd2
{[%clk 1:08:25]} Rfc8 {[%clk 1:06:31]} 15. Qb3 {[%clk 1:06:52]} Nf6
{[%clk 1:01:41]} 16. O-O {[%clk 1:06:54]} Bd5 {[%clk 0:55:18]} 17. Qa4
{[%clk 1:06:14]} Bc6 {[%clk 0:40:19]} 18. Qd1 {[%clk 1:05:15]} d5
{[%clk 0:39:41]} 19. Rc1 {[%clk 0:58:41]} Qd7 {[%clk 0:38:59]} 20. Ba6
{[%clk 0:57:55]} Bb7 {[%clk 0:38:37]} 21. Qe2 {[%clk 0:54:32]} Rxc1
{[%clk 0:35:51]} 22. Rxc1 {[%clk 0:54:57]} Rc8 {[%clk 0:36:19]} 23. Bc3
{[%clk 0:53:41]} Rc7 {[%clk 0:31:30]} 24. Bxb7 {[%clk 0:48:35]} Rxb7
{[%clk 0:31:56]} 25. h3 {[%clk 0:44:24]} Rc7 {[%clk 0:31:54]} 26. g4
{[%clk 0:43:35]} h5 {[%clk 0:23:07]} 27. g5 {[%clk 0:41:41]} Nh7 {[%clk 0:21:31]}
28. Qxh5 {[%clk 0:41:56]} Qf5 {[%clk 0:18:48]} 29. h4 {[%clk 0:38:04]} g6
{[%clk 0:19:17]} 30. Qd1 {[%clk 0:29:46]} Qh3 {[%clk 0:19:22]} 31. Be1
{[%clk 0:24:37]} Rxc1 {[%clk 0:18:07]} 32. Qxc1 {[%clk 0:25:00]} Qg4+
{[%clk 0:14:48]} 33. Kf1 {[%clk 0:24:00]} Qh3+ {[%clk 0:15:15]} 34. Ke2
{[%clk 0:23:34]} Qxh4 {[%clk 0:15:44]} 35. Qc8+ {[%clk 0:18:30]} Kg7
{[%clk 0:15:58]} 36. Qc7 {[%clk 0:17:14]} Nxg5 {[%clk 0:15:54]} 37. Qe5+
{[%clk 0:16:54]} Kg8 {[%clk 0:09:12]} 38. Qe8+ {[%clk 0:06:37]} Kh7
{[%clk 0:09:35]} 39. Kd1 {[%clk 0:05:09]} Qg4+ {[%clk 0:09:29]} 40. Kd2
{[%clk 0:31:14]} Nf3+ {[%clk 0:37:36]} 41. Kc3 {[%clk 0:28:58]} Kg7
{[%clk 0:32:25]} 42. Bd2 {[%clk 0:28:24]} Qg1 {[%clk 0:32:53]} 43. Qc6
{[%clk 0:24:53]} Qd1 {[%clk 0:32:00]} 44. Qxd5 {[%clk 0:24:05]} Qxd2+
{[%clk 0:32:24]} 45. Kb3 {[%clk 0:23:56]} Qd3+ {[%clk 0:30:50]} 46. Ka2
{[%clk 0:23:51]} b5 {[%clk 0:30:18]} 47. Qb7 {[%clk 0:17:51]} Nd2
{[%clk 0:27:49]} 48. a4 {[%clk 0:15:51]} b4 {[%clk 0:27:26]} 49. Qxb4
{[%clk 0:15:29]} Qb1+ {[%clk 0:27:53]} 0-1

[Event "Agen 2017 - Open D"]
[Site "?"]
[Date "2017.08.27"]
[Round "9.1"]
[White "Andre, Victoria"]
[Black "Rozec, Mialy"]
[Result "1/2-1/2"]
[LiveChessVersion "1.4.8"]
[BlackElo "1435"]
[WhiteElo "1452"]

1. e4 {[%clk 1:30:58]} c6 {[%clk 1:30:54]} 2. d4 {[%clk 1:31:23]} g6
{[%clk 1:31:17]} 3. Nf3 {[%clk 1:31:29]} Bg7 {[%clk 1:31:41]} 4. Nc3
{[%clk 1:31:22]} d5 {[%clk 1:31:57]} 5. Be3 {[%clk 1:29:15]} Bg4 {[%clk 1:29:05]}
6. e5 {[%clk 1:20:40]} f6 {[%clk 1:28:14]} 7. exf6 {[%clk 1:08:44]} Nxf6
{[%clk 1:25:24]} 8. Be2 {[%clk 1:07:54]} Bxf3 {[%clk 1:17:18]} 9. Bxf3
{[%clk 1:08:05]} Nbd7 {[%clk 1:16:16]} 10. O-O {[%clk 0:55:33]} O-O
{[%clk 1:16:40]} 11. Bg4 {[%clk 0:47:11]} Nxg4 {[%clk 1:01:15]} 12. Qxg4
{[%clk 0:47:34]} e5 {[%clk 0:53:12]} 13. Bg5 {[%clk 0:41:42]} Qe8
{[%clk 0:53:16]} 14. dxe5 {[%clk 0:39:42]} Bxe5 {[%clk 0:50:59]} 15. Rae1
{[%clk 0:34:38]} Rf7 {[%clk 0:40:42]} 16. Bh6 {[%clk 0:29:16]} Qe7
{[%clk 0:32:56]} 17. Kh1 {[%clk 0:23:07]} Qf6 {[%clk 0:23:57]} 18. Re3
{[%clk 0:14:16]} Bxc3 {[%clk 0:19:33]} 19. bxc3 {[%clk 0:11:30]} Ne5
{[%clk 0:18:17]} 20. Qe2 {[%clk 0:10:22]} Qh4 {[%clk 0:12:54]} 21. Rh3
{[%clk 0:10:33]} Qc4 {[%clk 0:12:39]} 22. Re3 {[%clk 0:09:02]} Qxe2
{[%clk 0:12:07]} 23. Rxe2 {[%clk 0:09:30]} Ng4 {[%clk 0:12:30]} 24. Bg5
{[%clk 0:09:39]} Raf8 {[%clk 0:11:29]} 25. f3 {[%clk 0:09:47]} Rf5
{[%clk 0:11:09]} 26. Be7 {[%clk 0:07:41]} Re8 {[%clk 0:10:32]} 27. Rfe1
{[%clk 0:07:54]} Nh6 {[%clk 0:08:28]} 28. Bc5 {[%clk 0:06:10]} Rxe2
{[%clk 0:08:15]} 29. Rxe2 {[%clk 0:06:38]} a6 {[%clk 0:08:24]} 30. Re8+
{[%clk 0:06:26]} Kg7 {[%clk 0:08:07]} 31. Re7+ {[%clk 0:06:42]} Rf7
{[%clk 0:08:34]} 32. Re8 {[%clk 0:04:45]} Nf5 {[%clk 0:07:04]} 33. Kg1
{[%clk 0:03:17]} Kf6 {[%clk 0:05:07]} 34. Bd4+ {[%clk 0:01:52]} Nxd4 35. cxd4
{[%clk 0:02:21]} Re7 {[%clk 0:03:02]} 36. Rxe7 {[%clk 0:02:45]} Kxe7
{[%clk 0:03:29]} 37. Kf2 {[%clk 0:02:50]} Ke6 {[%clk 0:03:00]} 38. g4
{[%clk 0:02:33]} b6 {[%clk 0:02:07]} 39. Ke3 {[%clk 0:02:00]} Kf6
{[%clk 0:02:12]} 40. f4 {[%clk 0:31:58]} c5 {[%clk 0:32:22]} 41. dxc5
{[%clk 0:27:57]} bxc5 {[%clk 0:32:49]} 42. c3 {[%clk 0:27:55]} h5
{[%clk 0:28:05]} 43. h3 hxg4 44. hxg4 g5 45. f5 Ke5 46. Kd3 d4 47. cxd4+ cxd4 48.
f6 Kxf6 49. Kxd4 Ke6 50. Kc5 Ke5 51. Kb6 Kf4 52. Kxa6 Kxg4 53. Kb6 Kf4 54. a4 g4
55. a5 g3 56. a6 g2 57. a7 1/2-1/2